00492nam a22001577a 450000500170000001000150001702000300003203500140006203700130007608200200008910000180010924500720012726000250019927000880022430000220031220210802144434.0 aENG-129658 a978-81-7735-656-4c100.00 aEN-113190 bDBAD/PUB a639.41209582b1 aARUNACHALAM,S aTHE HISTORY OF THE PEARL FISHERY OF THE TAMIL COAST/cS.ARUNACHALAM aCHENNAIbPAVAIc1952 a142,JANI JAN KHAN ROAD,ROYAPETTAHbCHENNAIe600014k01128482441mPAVAI123@YAHOO.COM a177 p.b22Cm(pbk)